000 00945nam a22002297a 4500
008 100602s2010 mau|||||r|||| 001 0 eng d
020 _a9780321546227
020 _a0321546229
082 _222
_a005.133
_bWEI
100 _914477
_aWeiss, Mark Allen
245 _aData Structures & Problem Solving using Java /
_cMark Allen Weiss.
250 _aInternational ed.,4th ed.
260 _aBoston, MA. :
_bPearson, 2010
_c2010
300 _a1011 p. :
_bill. ;
_c22 cm.
500 _aDonated by: Dr. Khaled Nagaty
504 _aIncludes bibliographic references and index.
650 _95394
_aJava (Computer program language)
650 _912448
_aData structures (Computer science)
650 _914401
_aProblem solving
_xData processing.
942 _2ddc
_cBB
999 _c14040
_d14040